000 00406nam a22001577a 4500
999 _c5299
_d5299
003 GBCCL
005 20241126110538.0
008 180313b ||||| |||| 00| 0 eng d
040 _cgbc
082 _a284.1092
_bLUT
245 _aMartin Luther 1483 - 1546
260 _aMunchen:
_bGoethe-Institut,
_c1983
300 _a96 p.;
_bill.,
_c21 cm.
650 _aMartin Luther
_vBiography
_99557
942 _2ddc
_cBK
_01